|
|
|
|
| LEADER |
02422nam a22005055i 4500 |
| 001 |
978-3-319-05636-4 |
| 003 |
DE-He213 |
| 005 |
20151204144112.0 |
| 007 |
cr nn 008mamaa |
| 008 |
150325s2015 gw | s |||| 0|eng d |
| 020 |
|
|
|a 9783319056364
|9 978-3-319-05636-4
|
| 024 |
7 |
|
|a 10.1007/978-3-319-05636-4
|2 doi
|
| 040 |
|
|
|d GrThAP
|
| 050 |
|
4 |
|a QP34-38
|
| 072 |
|
7 |
|a MFG
|2 bicssc
|
| 072 |
|
7 |
|a MED075000
|2 bisacsh
|
| 082 |
0 |
4 |
|a 612
|2 23
|
| 100 |
1 |
|
|a Ferretti, Guido.
|e author.
|
| 245 |
1 |
0 |
|a Energetics of Muscular Exercise
|h [electronic resource] /
|c by Guido Ferretti.
|
| 264 |
|
1 |
|a Cham :
|b Springer International Publishing :
|b Imprint: Springer,
|c 2015.
|
| 300 |
|
|
|a XXII, 180 p. 47 illus., 20 illus. in color.
|b online resource.
|
| 336 |
|
|
|a text
|b txt
|2 rdacontent
|
| 337 |
|
|
|a computer
|b c
|2 rdamedia
|
| 338 |
|
|
|a online resource
|b cr
|2 rdacarrier
|
| 347 |
|
|
|a text file
|b PDF
|2 rda
|
| 505 |
0 |
|
|a Introductory and Historical Remarks -- Aerobic Metabolism and the Steady-State Concept -- Exercise Transients -- Maximal Oxygen Consumption -- Critical Power -- Supramaximal Exercise.
|
| 520 |
|
|
|a This book discusses the maximal power and capacity of the three major biochemical pathways - aerobic (oxygen consumption), anaerobic lactic (muscle lactate accumulation in absence of oxygen consumption), and anaerobic alactic (phosphocreatine hydrolysis) metabolism - as well as the factors that limit them. It also discusses the metabolic and cardio-pulmonary mechanisms of the dynamic response to exercise. The way and extent to which the power and capacity of the three major energy metabolisms are affected under a number of different conditions, such as training, hypoxia and microgravity, are also described.
|
| 650 |
|
0 |
|a Medicine.
|
| 650 |
|
0 |
|a Human physiology.
|
| 650 |
|
0 |
|a Health promotion.
|
| 650 |
|
0 |
|a Endocrinology.
|
| 650 |
|
0 |
|a Metabolic diseases.
|
| 650 |
|
0 |
|a Sports medicine.
|
| 650 |
1 |
4 |
|a Biomedicine.
|
| 650 |
2 |
4 |
|a Human Physiology.
|
| 650 |
2 |
4 |
|a Sports Medicine.
|
| 650 |
2 |
4 |
|a Health Promotion and Disease Prevention.
|
| 650 |
2 |
4 |
|a Endocrinology.
|
| 650 |
2 |
4 |
|a Metabolic Diseases.
|
| 710 |
2 |
|
|a SpringerLink (Online service)
|
| 773 |
0 |
|
|t Springer eBooks
|
| 776 |
0 |
8 |
|i Printed edition:
|z 9783319056357
|
| 856 |
4 |
0 |
|u http://dx.doi.org/10.1007/978-3-319-05636-4
|z Full Text via HEAL-Link
|
| 912 |
|
|
|a ZDB-2-SBL
|
| 950 |
|
|
|a Biomedical and Life Sciences (Springer-11642)
|